Kapitoly zo všeobecnej psychológie motivácia ľudskej činnosti a správania

Saved in:
Bibliographic Details
Main Author: Pardel, Tomáš
Format: Book
Language:Slovak
Published: Bratislava Slovenské pedagogické nakladateľstvo 1977
Tags: Add Tag
No Tags, Be the first to tag this record!

MARC

LEADER 00000nam a2200000 4500
001 c119921
005 20041019155215.5
041 0 |a slo 
044 |a SK 
245 1 0 |a Kapitoly zo všeobecnej psychológie  |b motivácia ľudskej činnosti a správania  |c Tomáš Pardel 
264 1 |a Bratislava  |b Slovenské pedagogické nakladateľstvo  |c 1977 
300 |a 219 s. 
100 1 |a Pardel, Tomáš